Collected papers of Charles Sanders Peirce
保存先:
| フォーマット: | 図書 |
|---|---|
| 言語: | 英語 |
| 出版事項: |
Cambridge
Harvard University Press
1974
|
| 主題: | |
| タグ: |
タグ追加
タグなし, このレコードへの初めてのタグを付けませんか!
|
MARC
| LEADER | 00000nam a2200000 a 4500 | ||
|---|---|---|---|
| 001 | UCW0296 | ||
| 003 | CL-VaPUC | ||
| 008 | 921102e19740000US |||||||||||||||||eng|d | ||
| 082 | 0 | 4 | |a 191 |b COL |2 21 |
| 245 | 1 | 0 | |a Collected papers of Charles Sanders Peirce |
| 300 | |a v | ||
| 942 | |c BK | ||
| 945 | |d 19921102 00:00:00 | ||
| 260 | |a Cambridge |b Harvard University Press |c 1974 | ||
| 500 | |a v.1: Principles of philosophy | ||
| 500 | |a v.2: Elements of logic | ||
| 650 | 7 | |a FILOSOFIA ESTADOUNIDENSE |2 CL-VaPUC |9 269420 | |
| 650 | 0 | |a Lógica |9 256849 | |
| 583 | |a last modification |c 20120528 08:50:18 |k Rodrigo Vera | ||
| 999 | |c 215508 |d 215506 | ||
| 952 | |0 0 |1 0 |4 0 |6 191_000000000000000_COL_1974 |7 0 |8 A |9 199847 |a BIBART |b BIBART |d 2019-11-14 |h v.1-2 |i 2671131 |o 191 COL 1974 |p 2671131 |r 2025-03-13 |w 2019-11-14 |y BK |k ART | ||